सामयिक हिन्दी पत्र- लेखन (Record no. 8090)

MARC details
000 -LEADER
fixed length control field 00970 a2200217 4500
005 - DATE AND TIME OF LATEST TRANSACTION
control field 20181106152240.0
010 ## - LCCN (DPL NO)
LC control number HIN-81294
020 ## - INTERNATIONAL STANDARD BOOK NUMBER
International Standard Book Number 8171380492
Terms of availability 200.00
035 ## - SYSTEM CONTROL NUMBER
System control number HN-53640
035 ## - SYSTEM CONTROL NUMBER
System control number B-240680
035 ## - SYSTEM CONTROL NUMBER
System control number B-240683
037 ## - SOURCE OF ACQUISITION
Source of stock number/acquisition D.B.Act / pub
082 ## - DEWEY DECIMAL CLASSIFICATION NUMBER
Classification number 425.2
100 ## - MAIN ENTRY--PERSONAL NAME
Personal name भटनागर, राजेन्द्र मोहन
245 ## - TITLE STATEMENT
Title सामयिक हिन्दी पत्र- लेखन
Statement of responsibility, etc राजेन्द्र मोहन भटनागर
246 ## - VARYING FORM OF TITLE
Title proper/short title Samayik Hindi Patra-Lekhan
Remainder of title by Rajendra Mohan Bhatnagar
260 ## - PUBLICATION, DISTRIBUTION, ETC. (IMPRINT)
Place of publication, distribution, etc नई दिल्ली
Name of publisher, distributor, etc सामयिक प्रकाशन
Date of publication, distribution, etc 2007
270 ## - ADDRESS
Address 3320-21, जटवाड़ा, नेताजी सुभाष मार्ग, दरियागंज
City नई दिल्ली
Postal code 110002
300 ## - PHYSICAL DESCRIPTION
Extent 224पृ
Dimensions 22 सेमी (सजिल्द)
942 ## - ADDED ENTRY ELEMENTS (KOHA)
Institution code [OBSOLETE] dpl
Item type Hindi Books
Call number prefix 425.2 / भटना
Source of classification or shelving scheme Dewey Decimal Classification
Classification part 425.2
Call number suffix भटना
Holdings
Withdrawn status Lost status Not for loan Home library Current library Date acquired Cost, normal purchase price Full call number Barcode Copy number Cost, replacement price Koha item type Collection code
      D.B.Act.Division D.B.Act.Division 22/09/2008 200.00 425.2 भटना HN-53640 1 200.00 Hindi Books  
      R.C.Libraries (zls) R.C.Libraries (zls) 06/11/2018 200.00 425.2 भटना B-240680   200.00 Hindi Books Non-fiction
      R.C.Libraries (zls) R.C.Libraries (zls) 06/11/2018 200.00 425.2 भटना B-240683   200.00 Hindi Books Non-fiction

© Delhi Public Library
Hit Counter
free hit counter